000
00284nam a22001097a 4500
041
_a
ENG
245
_a
Aquaculture Engineering Technologies For The Euture
260
_a
Uk
_b
The Institution Of Chemical engineers
_c
1988
300
_a
418
650
_a
SWCE ( 06 )
856
_u
SWCE ( 06 )
999
_c
2941
_d
2941